Statistiques concernant Intercommunalités de Dordogne

Cliquez ici pour prendre le quiz!

Statistiques générales

  • Ce quiz a été pris 23 fois
  • Le résultat moyen est 6 sur 20

Statistiques - réponses

Nombres de CommunesIntercommunalités% Correct
13Communauté de Communes Sarlat-Périgord noir
100%
38Communauté d'Agglomération Bergeracoise
91%
28Communauté de Communes du Périgord-Nontronnais
64%
43Communauté d'Agglomération Le Grand Périgueux
36%
47Communauté de Communes des Bastides Dordogne-Périgord
36%
25Communauté de Communes des Portes Sud Périgord
36%
44Communauté de Communes du Périgord Ribéracois
36%
22Communauté de Communes Périgord-Limousin
36%
16Communauté de Communes Isle Vern Salembre en Périgord
27%
23Communauté de Communes de Domme-Villefranche du Périgord
18%
26Communauté de Communes de la Vallée de l'Homme
18%
18Communauté de Communes de Montaigne Montravel et Gurson
18%
06Communauté de Communes du Pays de Saint-Aulaye
18%
09Communauté de Communes Isle Double Landais
18%
25Communauté de Communes Isle et Crempse en Périgord
18%
37Communauté de Communes Terrassonnais Haut Périgord Noir
18%
16Communauté de Communes Dronne et Belle
9%
17Communauté de Communes du Pays de Fénelon
9%
28Communauté de Communes Isle-Loue-Auvézère en Périgord
9%
20Communauté de Communes Vallée de la Dordogne et Fôret Bessède
9%

Distribution des résultats

Percentile par nombre de réponses

% des personnes avec chaque résultat

Votre développement - résultats

Vous n’avez pas pris ce quiz